| 000 | 01390cam a2200301 a 4500 | ||
|---|---|---|---|
| 001 | 6831 | ||
| 003 | FISKH | ||
| 005 | 20250814144002.0 | ||
| 008 | 060411s2008 nyua 000 0 eng | ||
| 010 | _a 2006012094 | ||
| 020 | _a9781416903864 (lib. bdg.) | ||
| 020 | _a9780545512497 | ||
| 020 | _a1416903860 (lib. bdg.) | ||
| 040 |
_aDLC _cDLC _dDLC _beng |
||
| 050 | _aPS3556.R3325 B44 | ||
| 082 | _a811.54 | ||
| 100 | 1 | _aFranco, Betsy. | |
| 245 | 1 | 0 |
_aBees, snails, & peacock tails : _bpatterns & shapes-- naturally / _cBetsy Franco ; Illustrated by Steve Jenkins. |
| 260 |
_aNew York : _bScholastic, _c2008. |
||
| 300 |
_a28 unnumbered pages : _bcolor illustrations ; _c23 cm |
||
| 520 | _aCome explore the hidden shapes and patterns in nature. The peacock's flashy tail is a masterpiece of color and shape. A buzzing beehive is built of tiny hexagons. Even a snake's skin is patterned with diamonds. Study a beehive and you will see the mathematical genius of the bee. Poet Betsy Franco and Caldecott Honor winner Steve Jenkins bring geometry to life in this lively, lyrical look at the shapes and patterns that can be found in the most unexpected places. | ||
| 650 | 0 |
_aNature _vPoetry. |
|
| 650 | 0 |
_vAnimals _2Patterns |
|
| 700 | 1 |
_aJenkins, Steve, _d1952-2021, _eillustrator |
|
| 906 |
_a7 _bcbc _corignew _d1 _eecip _f20 _gy-gencatlg |
||
| 942 |
_2ddc _cBK _n0 |
||
| 999 |
_c6831 _d6831 |
||